000 00394pab a2200157 454500
008 180718b1998 xxu||||| |||| 00| 0 eng d
100 _aBandyopadhyaya, Sailesh Kumar
245 _aUnderstanding Gandhi: as a political leader
260 _c1998
300 _ap.13-16
362 _aJan
650 _aPolitical leadership
650 _aGandhi, M.K.
773 _aKurukshetra
909 _a37402
999 _c37402
_d37402